| 000 | 01059nmc a2200313 a 4500 | ||
|---|---|---|---|
| 003 | AR-BaBNM | ||
| 005 | 20251128205738.0 | ||
| 008 | 011101s1995 ||||||||||||||000 | spa|| | ||
| 020 | _a84-277-1142-5 | ||
| 040 | _cAR-BaBNM | ||
| 100 | 1 | _aAinscow, Mel | |
| 245 | 1 | 0 |
_aNecesidades especiales en el aula _bguía para la formación del profesorado |
| 260 |
_aMadrid _bUnesco _bNarcea _c1995 |
||
| 300 | 0 |
_a205 p. _btablas |
|
| 490 | 0 | _aEducación hoy. Estudios | |
| 500 | 0 | _aEste libro se origina en el proyecto de la UNESCO para la formación de maestros: "Necesidades especiales en el aula" y fue escrito con la ayuda de un equipo docente internacional | |
| 500 | 0 | _aReferencias: p. 203-205 | |
| 610 | 2 | 4 | _aUNESCO |
| 650 | 4 | _aPROCESO DE APRENDIZAJE | |
| 650 | 4 | _aEDUCACION ESPECIAL | |
| 650 | 4 | _aFORMACION DE DOCENTES | |
| 650 | 4 | _aEVALUACION CONTINUA | |
| 650 | 4 | _aAPRENDIZAJE ACTIVO | |
| 650 | 4 | _aMATERIAL DIDACTICO | |
| 653 | 0 | _aNECESIDADES EDUCATIVAS ESPECIALES | |
| 653 | 0 | _aESTRATEGIAS DIDACTICAS | |
| 942 | _cBK | ||
| 998 | _carturo | ||
| 999 |
_c12647 _d12647 |
||